LIBRARY & INFORMATION CENTRE, KCAET, TAVANUR

ONLINE PUBLIC ACCESS CATALOGUE (OPAC)

Statistical methods for Agricultural science / (Record no. 1748)

MARC details
000 -LEADER
fixed length control field 00466cam a2200181ua 4500
041 ## - LANGUAGE CODE
Language code of text/sound track or separate title eng
082 ## - DEWEY DECIMAL CLASSIFICATION NUMBER
Classification number 630.51
Item number HOS/ST
100 ## - MAIN ENTRY--AUTHOR NAME
Personal name Hoshmand, Reza.A .
245 ## - TITLE STATEMENT
Title Statistical methods for Agricultural science /
260 ## - PUBLICATION, DISTRIBUTION, ETC. (IMPRINT)
Place of publication :
Name of publisher Timber Press ,
Year of publication 1988.
300 ## - PHYSICAL DESCRIPTION
Number of Pages 405 :
Other physical details ` ; .
942 ## - ADDED ENTRY ELEMENTS (KOHA)
Koha item type Books
Holdings
Withdrawn status Lost status Damaged status Home library Current library Date acquired Full call number Accession Number Koha item type
      KAUAET KAUAET 07/04/2012 630.51 HOS/ST 19460 Books
      KAUAET KAUAET 07/04/2012 630.51 HOS/ST 18091 Books
free website counter